[Event "LAT-ch (Women)"]
[Site "Riga"]
[Date "2020.08.25"]
[Round "2"]
[White "Rogule, Laura"]
[Black "Osobskaja, Zinaida"]
[Result "1-0"]
[WhiteElo "2297"]
[BlackElo "1682"]
[PlyCount "87"]
[EventDate "2020.08.24"]
[EventType "swiss"]
[EventRounds "9"]
[EventCountry "LAT"]
[SourceTitle "CBM 198 Extra"]
[Source "ChessBase"]
[SourceDate "2020.11.30"]
[SourceVersion "1"]
[SourceVersionDate "2020.11.30"]
[SourceQuality "1"]

1. c4 e6 2. Nf3 d5 3. d4 Nf6 4. g3 c6 5. Bg2 Bd6 6. 0-0 Nbd7 7. Nbd2 h6 8. Qc2 0-0 9. e4 dxe4 10. Nxe4 Nxe4 11. Qxe4 Nf6 12. Qe2 Bc7 13. b3 Re8 14. Bb2 Qe7 15. Rad1 Bd7 16. Ne5 Rad8 17. f4 Bc8 18. g4 Nh7 19. Nd3 Qh4 20. h3 f5 21. Qf2 Qxf2+ 22. Rxf2 g5 23. Re1 Kf7 24. Bf3 Kg6 25. Rfe2 Nf6 26. Ne5+ Kg7 27. Kf2 Bxe5 28. fxe5 Ng8 29. gxf5 exf5 30. d5 cxd5 31. cxd5 Kg6 32. e6 Nf6 33. Bxf6 Kxf6 34. e7 Rd6 35. Bh5 Bd7 36. Bxe8 Bxe8 37. Re6+ Rxe6 38. Rxe6+ Kf7 39. Rxh6 Kxe7 40. Rh7+ Kd6 41. Rxb7 a5 42. Rg7 Kxd5 43. Rxg5 Ke4 44. Rg7 1-0

[Event "LAT-ch (Women)"]
[Site "Riga"]
[Date "2019.05.05"]
[Round "7"]
[White "Osobskaja, Zinaida"]
[Black "Golsta, Madara"]
[Result "0-1"]
[WhiteElo "1696"]
[BlackElo "1921"]
[PlyCount "130"]
[EventDate "2019.04.29"]
[EventType "swiss"]
[EventRounds "7"]
[EventCountry "LAT"]
[SourceTitle "CBM 190 Extra"]
[Source "ChessBase"]
[SourceDate "2019.07.15"]
[SourceVersion "1"]
[SourceVersionDate "2019.07.15"]
[SourceQuality "1"]

1. e4 c5 2. Nf3 Nc6 3. c3 Nf6 4. e5 Nd5 5. d4 cxd4 6. Qb3 e6 7. cxd4 d6 8. Nc3 Nxc3 9. bxc3 dxe5 10. dxe5 Bc5 11. Be2 Qb6 12. 0-0 Bd7 13. Bf4 h6 14. Qc2 Rc8 15. Rad1 Ne7 16. Bg3 Nf5 17. Bd3 Nxg3 18. hxg3 Qa5 19. Qd2 Ba4 20. Bc2 0-0 21. Bb3 Bb5 22. c4 Bb4 23. Qe2 Ba6 24. Rd7 b5 25. Rxa7 bxc4 26. Bc2 Bc5 27. Qe4 g6 28. Rd7 Bb5 29. Rdd1 c3 30. Nh4 Qa7 31. Bd3 Bxd3 32. Qxd3 Rc7 33. Qc2 Ra8 34. Kh2 Ba3 35. Rfe1 Bb2 36. f4 Qxa2 37. Re2 Qa4 38. Rd8+ Kg7 39. Rxa8 Qxa8 40. Nf3 Qd5 41. g4 Rd7 42. Kg3 Qd3 43. Kf2 Ba3 44. Qxd3 Rxd3 45. Rc2 Bc5+ 46. Ke2 Re3+ 47. Kd1 Bb4 48. Rf2 Re4 49. g3 Re3 50. Kc2 Kf8 51. f5 exf5 52. gxf5 gxf5 53. Nd4 Rxg3 54. Nxf5 Rh3 55. Nd4 Ke8 56. Nc6 Bc5 57. Rf6 Be7 58. Nxe7 Kxe7 59. Rc6 h5 60. Rf6 Re3 61. Rf5 h4 62. Rh5 h3 63. Kb3 Ke6 64. Kc2 Kd5 65. Rh7 Rf3 0-1

[Event "LAT-ch (Women)"]
[Site "Riga"]
[Date "2018.05.06"]
[Round "7"]
[White "Osobskaja, Zinaida"]
[Black "Valeine, Ieva"]
[Result "1-0"]
[WhiteElo "1710"]
[BlackElo "1257"]
[PlyCount "71"]
[EventDate "2018.04.30"]
[EventType "swiss"]
[EventRounds "7"]
[EventCountry "LAT"]
[SourceTitle "CBM 184 Extra"]
[Source "ChessBase"]
[SourceDate "2018.06.28"]
[SourceVersion "1"]
[SourceVersionDate "2018.06.28"]
[SourceQuality "1"]

1. e4 e5 2. Nf3 Nc6 3. Bc4 Nf6 4. Ng5 d5 5. exd5 Na5 6. Bb5+ c6 7. dxc6 bxc6 8. Bd3 Nd5 9. Nf3 Nf4 10. 0-0 Nxd3 11. cxd3 Bd6 12. Qa4 Qb6 13. Nxe5 Bxe5 14. Re1 f6 15. d4 0-0 16. dxe5 fxe5 17. Qh4 Qc5 18. Nc3 Be6 19. b4 Qc4 20. Qxc4 Nxc4 21. d3 Nd6 22. Rxe5 Bf5 23. d4 Rf6 24. Bg5 Rf7 25. Rae1 Bg6 26. f3 h6 27. Bh4 Rb8 28. Re6 Nf5 29. Bf2 Bh7 30. a3 Rd8 31. Re8+ Rxe8 32. Rxe8+ Rf8 33. Rxf8+ Kxf8 34. d5 cxd5 35. Nxd5 a6 36. Nc7 1-0

[Event "LAT-ch (Women)"]
[Site "Riga"]
[Date "2018.05.03"]
[Round "4"]
[White "Kipluka, Anna Krista"]
[Black "Osobskaja, Zinaida"]
[Result "0-1"]
[WhiteElo "1334"]
[BlackElo "1710"]
[PlyCount "40"]
[EventDate "2018.04.30"]
[EventType "swiss"]
[EventRounds "7"]
[EventCountry "LAT"]
[SourceTitle "CBM 184 Extra"]
[Source "ChessBase"]
[SourceDate "2018.06.28"]
[SourceVersion "1"]
[SourceVersionDate "2018.06.28"]
[SourceQuality "1"]

1. e4 c5 2. Nc3 Nc6 3. g3 g6 4. Bg2 Bg7 5. d3 e6 6. Be3 Nd4 7. Nge2 Ne7 8. Qd2 d6 9. 0-0 0-0 10. Bh6 Bxh6 11. Qxh6 Nxc2 12. Rac1 Nd4 13. f4 Nxe2+ 14. Nxe2 f5 15. d4 cxd4 16. Nxd4 Qb6 17. Rcd1 e5 18. Qg5 Nc6 19. fxe5 Nxd4 20. Kh1 dxe5 0-1